00990nam a2200265Ia 4500001000600000003000500006008004100011010001100052040000900063090001700072100004200089245017700131260004100308300001100349502007600360650002100436650006200457901001700519902000600536910000900542942000600551942000600557999001900563952014200582Z_424CHAP220113s2003 xx 000 0 und d a163400 cCHAP aTesis C 1690 aCobá Chan, Andrés Fernando924177 aPropuesta de un plan de manejo para la producción confinada del venado cola blanca (Odocoileus verginianus yucatanensis. Hays 1872) /cpor Andrés Fernando Cobá Chan aChapingo, Méx. :bEl autor,c2003 a110 h. aTesis (Ing. Agr. Esp. en Zootecnia) -- UACH. Departamento de Zootecnia aVenados 9118663 aVida silvestre xx Conservación xx Yucatán9137622 aTESIS C 1690 aM a2003 c2 c2 c163400d163400 00102local4051708TESISaZbZd2005-11-09eEl autorl0oTesis C63 1690 2003p5101002785r2022-01-18 00:00:00tEj.1w2022-01-18yTESIS